|
|
|
|
| LEADER |
00978cam a2200301 a 4500 |
| 008 |
830622s1983 enk b 001 0 eng |
| 010 |
|
|
|a 82022913
|
| 020 |
|
|
|a 0416717101(cased):
|c $16.95
|
| 020 |
|
|
|a 0416717209(pbk.):
|c $7.95
|
| 035 |
|
|
|a (NNC)167768
|
| 035 |
|
|
|a (OCoLC)9066500
|
| 035 |
|
|
|a (OCoLC)ocm09066500
|
| 082 |
0 |
|
|a 820.9 FOU/L
|2 19
|
| 090 |
|
|
|a PN45
|b .F58 1983
|
| 100 |
1 |
|
|a Foulkes, A. Peter.
|
| 245 |
1 |
0 |
|a Literature and propaganda /
|c A.P. Foulkes.
|
| 260 |
|
|
|a London ;
|a New York :
|b Methuen,
|c 1983.
|
| 300 |
|
|
|a viii, 124 p. ;
|c 21 cm.
|
| 490 |
1 |
|
|a New accents
|
| 500 |
|
|
|a Includes index.
|
| 504 |
|
|
|a Bibliography: p.[115]-119.
|
| 650 |
|
0 |
|a Literature
|x Philosophy.
|
| 650 |
|
0 |
|a Propaganda.
|
| 830 |
|
0 |
|a New accents (Methuen & Co.)
|
| 900 |
|
|
|a AUTH
|
| 942 |
|
|
|2 ddc
|c BK
|
| 999 |
|
|
|c 192526
|d 192526
|
| 952 |
|
|
|0 0
|1 0
|4 0
|6 820_900000000000000_FOU_L
|7 0
|9 212472
|a ENG
|b ENG
|c ST1
|d 2015-12-30
|i 13217
|l 0
|o 820.9 FOU/L
|p ENG13217
|r 2015-12-30
|w 2015-12-30
|y BK
|